Every LEGO Harry Potter Minifigure Ever Released - Statistics

General Stats
  • This quiz has been taken 33 times
  • The average score is 70 of 143
Answer Stats
Answer % Correct
Harry Potter
100%
Ron Weasley
100%
Hermione Granger
96%
Lord Voldemort
96%
Rubeus Hagrid
96%
Tom Riddle
96%
Professor Severus Snape
92%
Professor Severus Snape (Boggart)
92%
Draco Malfoy
88%
Fred Weasley
88%
George Weasley
88%
Ginny Weasley
88%
Lucius Malfoy
88%
Molly Weasley
88%
Professor Albus Dumbledore
88%
Arthur Weasley
85%
Bill Weasley
85%
Narcissa Malfoy
85%
Sirius Black
85%
Aberforth Dumbledore
81%
Dobby
81%
Percy Weasley
81%
Professor Remus Lupin
81%
Professor Remus Lupin (Werewolf)
81%
Bellatrix Lestrange
77%
Charlie Weasley
77%
Professor Dolores Umbridge
77%
Cho Chang
73%
Gilderoy Lockhart
73%
James Potter
73%
James Sirius Potter
73%
Luna Lovegood
73%
Neville Longbottom
73%
Peter Pettigrew
73%
Professor Minerva McGonagall
73%
Barty Crouch Junior
69%
Cedric Diggory
69%
Lily Luna Potter
69%
Lily Potter
69%
Mad-Eye Moody
69%
Vernon Dursley
69%
Dudley Dursley
65%
Gregory Goyle
65%
Katie Bell
65%
Petunia Dursley
65%
Viktor Krum
65%
Albus Severus Potter
62%
Argus Filch
62%
Fleur Delacour
62%
Nearly Headless Nick
62%
Professor Pomona Sprout
62%
Vincent Crabbe
62%
Marge Dursley
58%
Mountain Troll
58%
Mr. Garrick Ollivander
58%
Professor Quirinus Quirrell
58%
Rowena Ravenclaw
58%
Dementor
54%
Gellert Grindelwald
54%
Godric Gryffindor
54%
Griphook
54%
Helga Hufflepuff
54%
Madam Rolanda Hooch
54%
Newt Scamander
54%
Salazar Slytherin
54%
The Grey Lady
54%
Barty Crouch Senior
50%
Death Eater
50%
Fenrir Greyback
50%
Goblin
50%
Minister Cornelius Fudge
50%
Nymphadora Tonks
50%
Professor Filius Flitwick
50%
Dean Thomas
46%
Moaning Myrtle
46%
Oliver Wood
46%
Stan Shunpike
46%
Angelina Johnson
42%
Kingsley Shacklebolt
42%
Kreacher
42%
Lavender Brown
42%
Madam Poppy Pomfrey
42%
Seamus Finnigan
42%
Ernie Macmillan
38%
Ernie Prang
38%
Gabrielle Delacour
38%
Madame Olympe Maxime
38%
Madam Malkin
38%
Parvati Patil
38%
Professor Horace Slughorn
38%
Professor Igor Karkaroff
38%
Xenophilius Lovegood
38%
Lee Jordan
35%
Merperson
35%
Peeves
35%
Professor Sybill Trelawney
35%
Walden Macnair
35%
Blaise Zabini
31%
Justin Finch-Fletchley
31%
Marcus Flint
31%
Minister Pius Thicknesse
31%
Padma Patil
31%
Alicia Spinnet
27%
Colin Creevey
27%
Madam Rosmerta
27%
Pansy Parkinson
27%
Professor Aurora Sinistra
27%
Queenie Goldstein
27%
Tina Goldstein
27%
Trolley Witch
27%
Centaur
23%
Florean Fortescue
23%
Hannah Abbott
23%
Jacob Kowalski
23%
Lucian Bole
23%
Madam Irma Pince
23%
Mafalda Hopkirk
23%
Mary Cattermole
23%
Professor Septima Vector
23%
Susan Bones
23%
Albert Runcorn
19%
Fat Friar
19%
Michael Corner
19%
Mr. Borgin
19%
Penelope Clearwater
19%
Reginald Cattermole
19%
Scabior
19%
Corban Yaxley
15%
President Seraphina Picquery
15%
Romilda Vane
15%
Terry Boot
15%
Bogrod
12%
Credence Barebone
12%
Daphne Greengrass
12%
Percival Graves
12%
Dragomir Despard
8%
Leanne
8%
Lisa Turpin
8%
Mr. Ambrosius Flume
8%
Mrs. Flume
8%
Ricbert
8%
Madam Potage
4%
Professor Silvanus Kettleburn
4%
No matching quizzes found
Score Distribution
Percent of People with Each Score
Percentile by Number Answered
Your Score History
You have not taken this quiz